<?xml version="1.0" encoding="UTF-8"?>
<record
    xmlns:xsi="http://www.w3.org/2001/XMLSchema-instance"
    xsi:schemaLocation="http://www.loc.gov/MARC21/slim http://www.loc.gov/standards/marcxml/schema/MARC21slim.xsd"
    xmlns="http://www.loc.gov/MARC21/slim">

  <leader>00546nam a2200193Ia 4500</leader>
  <controlfield tag="003">OSt</controlfield>
  <controlfield tag="005">20200616150347.0</controlfield>
  <controlfield tag="008">190216s9999||||xx |||||||||||||| ||und||</controlfield>
  <datafield tag="020" ind1=" " ind2=" ">
    <subfield code="a">9788131729205</subfield>
  </datafield>
  <datafield tag="040" ind1=" " ind2=" ">
    <subfield code="c">oclc</subfield>
  </datafield>
  <datafield tag="082" ind1=" " ind2=" ">
    <subfield code="a">300.18</subfield>
    <subfield code="b">KUN/S</subfield>
  </datafield>
  <datafield tag="100" ind1=" " ind2=" ">
    <subfield code="a">Kundu, Abhijit </subfield>
    <subfield code="9">2996</subfield>
  </datafield>
  <datafield tag="245" ind1=" " ind2="4">
    <subfield code="a">The Social Sciences Methodology And Perspectives /</subfield>
    <subfield code="c">Abhijit Kundu</subfield>
  </datafield>
  <datafield tag="250" ind1=" " ind2=" ">
    <subfield code="a">I</subfield>
  </datafield>
  <datafield tag="260" ind1=" " ind2=" ">
    <subfield code="b">Pearson,</subfield>
    <subfield code="c">2009,</subfield>
    <subfield code="a">Noida:</subfield>
  </datafield>
  <datafield tag="300" ind1=" " ind2=" ">
    <subfield code="a">138p</subfield>
  </datafield>
  <datafield tag="650" ind1=" " ind2=" ">
    <subfield code="a">Social Sciences</subfield>
  </datafield>
  <datafield tag="942" ind1=" " ind2=" ">
    <subfield code="c">BK</subfield>
    <subfield code="2">ddc</subfield>
    <subfield code="h">300.18</subfield>
    <subfield code="i">KUN/S</subfield>
    <subfield code="k">300.18</subfield>
    <subfield code="m">KUN/S</subfield>
  </datafield>
  <datafield tag="952" ind1=" " ind2=" ">
    <subfield code="0">0</subfield>
    <subfield code="1">0</subfield>
    <subfield code="2">ddc</subfield>
    <subfield code="4">0</subfield>
    <subfield code="7">0</subfield>
    <subfield code="8">SOCIAL SCIENCE</subfield>
    <subfield code="a">MES</subfield>
    <subfield code="b">MES</subfield>
    <subfield code="c">SOCIAL SCIENCE</subfield>
    <subfield code="d">2019-02-20</subfield>
    <subfield code="g">65.00</subfield>
    <subfield code="l">1</subfield>
    <subfield code="o">300.18 KUN/S</subfield>
    <subfield code="p">39760</subfield>
    <subfield code="r">2023-09-21 13:45:43</subfield>
    <subfield code="s">2023-09-21</subfield>
    <subfield code="t">1</subfield>
    <subfield code="w">2019-02-20</subfield>
    <subfield code="y">BK</subfield>
    <subfield code="z">GL50R1</subfield>
  </datafield>
  <datafield tag="952" ind1=" " ind2=" ">
    <subfield code="0">0</subfield>
    <subfield code="1">0</subfield>
    <subfield code="2">ddc</subfield>
    <subfield code="4">0</subfield>
    <subfield code="7">0</subfield>
    <subfield code="8">SOCIAL SCIENCE</subfield>
    <subfield code="a">MES</subfield>
    <subfield code="b">MES</subfield>
    <subfield code="c">SOCIAL SCIENCE</subfield>
    <subfield code="d">2019-02-20</subfield>
    <subfield code="g">65.00</subfield>
    <subfield code="l">0</subfield>
    <subfield code="o">300.18 KUN/S</subfield>
    <subfield code="p">39761</subfield>
    <subfield code="r">2019-02-20 00:00:00</subfield>
    <subfield code="t">2</subfield>
    <subfield code="w">2019-02-20</subfield>
    <subfield code="y">BK</subfield>
    <subfield code="z">GL50R1</subfield>
  </datafield>
  <datafield tag="952" ind1=" " ind2=" ">
    <subfield code="0">0</subfield>
    <subfield code="1">0</subfield>
    <subfield code="2">ddc</subfield>
    <subfield code="4">0</subfield>
    <subfield code="7">0</subfield>
    <subfield code="8">SOCIAL SCIENCE</subfield>
    <subfield code="a">MES</subfield>
    <subfield code="b">MES</subfield>
    <subfield code="c">SOCIAL SCIENCE</subfield>
    <subfield code="d">2019-02-20</subfield>
    <subfield code="l">3</subfield>
    <subfield code="o">300.18 KUN/S</subfield>
    <subfield code="p">39939</subfield>
    <subfield code="r">2019-10-31 00:00:00</subfield>
    <subfield code="s">2019-10-17</subfield>
    <subfield code="t">3</subfield>
    <subfield code="w">2019-02-20</subfield>
    <subfield code="y">BK</subfield>
    <subfield code="z">GL50R1</subfield>
  </datafield>
  <datafield tag="952" ind1=" " ind2=" ">
    <subfield code="0">0</subfield>
    <subfield code="1">0</subfield>
    <subfield code="2">ddc</subfield>
    <subfield code="4">0</subfield>
    <subfield code="7">0</subfield>
    <subfield code="8">SOCIAL SCIENCE</subfield>
    <subfield code="a">MES</subfield>
    <subfield code="b">MES</subfield>
    <subfield code="c">SOCIAL SCIENCE</subfield>
    <subfield code="d">2019-02-20</subfield>
    <subfield code="l">3</subfield>
    <subfield code="m">3</subfield>
    <subfield code="o">300.18 KUN/S</subfield>
    <subfield code="p">39940</subfield>
    <subfield code="r">2022-10-17 00:00:00</subfield>
    <subfield code="s">2022-10-06</subfield>
    <subfield code="t">4</subfield>
    <subfield code="w">2019-02-20</subfield>
    <subfield code="y">BK</subfield>
    <subfield code="z">GL50R1</subfield>
  </datafield>
  <datafield tag="952" ind1=" " ind2=" ">
    <subfield code="0">0</subfield>
    <subfield code="1">0</subfield>
    <subfield code="2">ddc</subfield>
    <subfield code="4">0</subfield>
    <subfield code="7">0</subfield>
    <subfield code="8">SOCIAL SCIENCE</subfield>
    <subfield code="a">MES</subfield>
    <subfield code="b">MES</subfield>
    <subfield code="c">SOCIAL SCIENCE</subfield>
    <subfield code="d">2019-02-20</subfield>
    <subfield code="l">0</subfield>
    <subfield code="o">300.18 KUN/S</subfield>
    <subfield code="p">39941</subfield>
    <subfield code="r">2019-02-20 00:00:00</subfield>
    <subfield code="t">5</subfield>
    <subfield code="w">2019-02-20</subfield>
    <subfield code="y">BK</subfield>
    <subfield code="z">GL50R1</subfield>
  </datafield>
  <datafield tag="952" ind1=" " ind2=" ">
    <subfield code="0">0</subfield>
    <subfield code="1">0</subfield>
    <subfield code="2">ddc</subfield>
    <subfield code="4">0</subfield>
    <subfield code="7">0</subfield>
    <subfield code="8">SOCIAL SCIENCE</subfield>
    <subfield code="a">MES</subfield>
    <subfield code="b">MES</subfield>
    <subfield code="c">SOCIAL SCIENCE</subfield>
    <subfield code="d">2019-02-20</subfield>
    <subfield code="g">40.00</subfield>
    <subfield code="l">0</subfield>
    <subfield code="o">300.18 KUN/S</subfield>
    <subfield code="p">39942</subfield>
    <subfield code="r">2019-02-20 00:00:00</subfield>
    <subfield code="t">6</subfield>
    <subfield code="w">2019-02-20</subfield>
    <subfield code="y">BK</subfield>
    <subfield code="z">GL50R1</subfield>
  </datafield>
  <datafield tag="952" ind1=" " ind2=" ">
    <subfield code="0">0</subfield>
    <subfield code="1">0</subfield>
    <subfield code="2">ddc</subfield>
    <subfield code="4">0</subfield>
    <subfield code="7">0</subfield>
    <subfield code="8">SOCIAL SCIENCE</subfield>
    <subfield code="a">MES</subfield>
    <subfield code="b">MES</subfield>
    <subfield code="c">SOCIAL SCIENCE</subfield>
    <subfield code="d">2019-02-20</subfield>
    <subfield code="g">40.00</subfield>
    <subfield code="l">0</subfield>
    <subfield code="o">300.18 KUN/S</subfield>
    <subfield code="p">39943</subfield>
    <subfield code="r">2019-02-20 00:00:00</subfield>
    <subfield code="t">7</subfield>
    <subfield code="w">2019-02-20</subfield>
    <subfield code="y">BK</subfield>
    <subfield code="z">GL50R1</subfield>
  </datafield>
  <datafield tag="952" ind1=" " ind2=" ">
    <subfield code="0">0</subfield>
    <subfield code="1">0</subfield>
    <subfield code="2">ddc</subfield>
    <subfield code="4">0</subfield>
    <subfield code="7">0</subfield>
    <subfield code="8">SOCIAL SCIENCE</subfield>
    <subfield code="a">MES</subfield>
    <subfield code="b">MES</subfield>
    <subfield code="c">SOCIAL SCIENCE</subfield>
    <subfield code="d">2019-02-20</subfield>
    <subfield code="l">1</subfield>
    <subfield code="o">300.18 KUN/S</subfield>
    <subfield code="p">39944</subfield>
    <subfield code="r">2025-10-06 11:35:27</subfield>
    <subfield code="s">2025-09-23</subfield>
    <subfield code="t">8</subfield>
    <subfield code="w">2019-02-20</subfield>
    <subfield code="y">BK</subfield>
    <subfield code="z">GL50R1</subfield>
  </datafield>
  <datafield tag="952" ind1=" " ind2=" ">
    <subfield code="0">0</subfield>
    <subfield code="1">0</subfield>
    <subfield code="2">ddc</subfield>
    <subfield code="4">0</subfield>
    <subfield code="7">0</subfield>
    <subfield code="8">SOCIAL SCIENCE</subfield>
    <subfield code="a">MES</subfield>
    <subfield code="b">MES</subfield>
    <subfield code="c">SOCIAL SCIENCE</subfield>
    <subfield code="d">2019-02-20</subfield>
    <subfield code="l">0</subfield>
    <subfield code="o">300.18 KUN/S</subfield>
    <subfield code="p">39945</subfield>
    <subfield code="r">2019-02-20 00:00:00</subfield>
    <subfield code="t">9</subfield>
    <subfield code="w">2019-02-20</subfield>
    <subfield code="y">BK</subfield>
    <subfield code="z">GL50R1</subfield>
  </datafield>
  <datafield tag="999" ind1=" " ind2=" ">
    <subfield code="c">21896</subfield>
    <subfield code="d">21896</subfield>
  </datafield>
</record>
